000 00508nam a2200157 i 4500
001 68361
003 ES-MaACL
005 20231224062925.0
007 t|
008 040624s1879 sp ||||1| spa d
100 1 _aGarcía Barzanallana, Manuel,
_cMarqués de Barzanallana,
_d1817-1892
_954240
245 1 0 _aDe las causas mas influyentes en la despoblación de España /
_cMarqués de Barzanallana.
260 _aMadrid :
_b[s.n.],
_c1879.
852 _aES-MaACL
_j1548-F-7
999 _c68361
_d68361